000 nam a22 a 4500
999 _c3633
_d3633
005 20170523125224.0
008 170523|1981 - || 000 ||eng d
020 _a0534009425
040 _aAKMAL
082 _a658.834 LUT
090 _a658.834
_bLUT
245 _aContemporary perspectives in consumer research.
260 _aBoston :
_bKent Publ,
_c1981.
300 _ccm
700 _aLutz, Richard J.
_97190
942 _2ddc
_cBOOK